000
00271nam a22001217a 4500
082
_a
658.1552 CAR'T
100
_a
CARROLL, PHIL
_9
36449
245
_a
TIMESTUDY FOR COST CONTROL
250
_a
3RD
260
_a
NEWYORK
_b
MCGRAW HILL
_c
1954
300
_a
301P
942
_c
BK
999
_c
567292
_d
567292